Statistics for Alphabetical Anagrams - South America Map Quiz

Click here to take the quiz!

General Stats

  • This quiz has been taken 43 times
    (27 since last reset)
  • The average score is 13 of 14

Answer Stats

Answer % Correct
abilrz
100%
aaeginnrt
100%
cehil
100%
abiilov
100%
epru
100%
abcilmoo
100%
aeeelnuvz
100%
agruuuy
96%
acdeoru
96%
aeimnrsu
96%
aaagpruy
91%
aacefghinnru
87%
aaaddfiklllnnss
87%
aagnuy
83%

Score Distribution

Percentile by Number Answered

Percent of People with Each Score

Your Score History

You have not taken this quiz since the last reset